Zimmer frei - Neu Deutsch im Hotel

Gespeichert in:
Bibliographische Detailangaben
1. Verfasser: Grandi, Nicoletta
Format: Buch
Sprache:Deutsch
Veröffentlicht: Berlin Langenscheidt 2004
Schlagworte:
Tags: Tag hinzufügen
Keine Tags, Fügen Sie das erste Tag hinzu!

MARC

LEADER 00000nam$a2200000$$$4500
001 0068729
005 20240315123251.9
020 |a 3-468-49413-0 
041 0 |a ger 
044 |a DE 
245 1 0 |a Zimmer frei - Neu  |b Deutsch im Hotel  |c von Nicoletta Grandi unter Mitwirkung von Christiane Lemcke 
264 1 |a Berlin  |b Langenscheidt  |c 2004 
300 |a 77 s. 
610 2 0 |a jazykoveda 
610 2 0 |a terminológia 
610 2 0 |a jazyky cudzie 
610 2 0 |a hotely 
100 1 |a Grandi, Nicoletta